Pacific coast studies in Shakespeare /

Bibliographic Details
Corporate Author: University of Oregon
Other Authors: McNeir, Waldo F., Greenfield, Thelma N., Shakespeare, William, 1564-1616
Format: Book
Language:English
Published: Eugene, [publisher not identified] ; 1966.
Subjects:

MARC

Tag First Indicator Second Indicator Subfields
LEADER 00000cam a2200000 4500
001 in00000033950
005 20151007063354.0
008 731003s1966 oru b 00000ceng
010 |a  66009575  
035 |a (OCoLC)00234732 
035 |9 AAD7240AM 
040 |a DLC  |c DLC  |d TXA  |d UtOrBLW 
049 |a TXAM  |c [468088] 
050 0 0 |a PR2890  |b .O73 
082 0 |a 822.33 
092 |a 822.33  |b EO66o 
110 2 |a University of Oregon. 
245 1 0 |a Pacific coast studies in Shakespeare /  |c Edited by Waldo F. McNeir and Thelma N. Greenfield. 
264 1 |a Eugene,  |b [publisher not identified] ;  |c 1966. 
300 |a v, 315 pages ;  |c 24 cm. 
336 |a text  |b txt  |2 rdacontent 
337 |a unmediated  |b n  |2 rdamedia 
338 |a volume  |b nc  |2 rdacarrier 
500 |a "Published in honor of the four hundredth anniversary in 1964 of the birth of ... [William Shakespeare]" 
504 |a Bibliographical footnotes. 
600 1 0 |a Shakespeare, William,  |d 1564-1616  |x Anniversaries, etc. 
600 1 0 |a Shakespeare, William,  |d 1564-1616  |x Criticism and interpretation. 
700 1 |a McNeir, Waldo F. 
700 1 |a Greenfield, Thelma N. 
700 1 |a Shakespeare, William,  |d 1564-1616. 
999 |a MARS 
999 f f |s d8100862-8c5a-3b11-9f9c-b15f9a364645  |i 014f92b7-f482-36ef-8dce-0d9f83536570  |t 0 
952 f f |p normal  |a Texas A&M University  |b College Station  |c Sterling C. Evans Library  |d Evans: Library Stacks  |t 0  |e PR2890 .O73  |h Library of Congress classification  |i unmediated -- volume  |m A14801307622 
998 f f |a PR2890 .O73  |t 0  |l Evans: Library Stacks